[Event "Cambridge op 2nd"]
[Site "Cambridge"]
[Date "2024.02.23"]
[Round "7"]
[White "Sasikumar, Srivathsan"]
[Black "Volovich, Julia"]
[Result "1-0"]
[WhiteElo "1719"]
[BlackElo "1983"]
[PlyCount "127"]
[EventDate "2024.02.19"]
[EventType "swiss"]
[EventRounds "9"]
[EventCountry "ENG"]
[SourceTitle "CB09_2024"]
[SourceDate "2024.02.28"]
[SourceVersion "1"]
[SourceVersionDate "2024.02.28"]
[SourceQuality "1"]

1. e4 e6 2. d4 d5 3. Be3 dxe4 4. Nd2 Nf6 5. c3 b6 6. g3 c5 7. Bg2 Bb7 8. Qc2 cxd4 9. Bxd4 Nc6 10. Bxf6 gxf6 11. Nxe4 Be7 12. Ne2 f5 13. Nd2 Qc7 14. 0-0-0 0-0-0 15. Nb3 Kb8 16. Rhg1 Rxd1+ 17. Qxd1 Rd8 18. Qc2 Ne5 19. Bxb7 Qxb7 20. Ned4 a5 21. Re1 Nc4 22. Nd2 Qd5 23. Nxc4 Qxc4 24. b3 Qd5 25. Kb2 Bf6 26. Ne2 Qf3 27. Nf4 Rc8 28. Re3 Qc6 29. Qd2 b5 30. Kc2 Qc5 31. Ne2 b4 32. c4 Rd8 33. Rd3 Rxd3 34. Qxd3 Kc7 35. Qe3 Qxe3 36. fxe3 e5 37. Kd3 Bg5 38. Ng1 Kd6 39. h3 h5 40. h4 Bd8 41. Nh3 Bc7 42. e4 fxe4+ 43. Kxe4 Ke6 44. Ng5+ Kf6 45. c5 Kg6 46. Kd5 f5 47. Ne6 Bb8 48. c6 e4 49. c7 Bxc7 50. Nxc7 f4 51. Kxe4 fxg3 52. Kf3 Kf5 53. Nd5 Ke5 54. Ne3 Kd4 55. Nc4 a4 56. Kxg3 Kc3 57. Na5 Kb2 58. bxa4 Kxa2 59. Kf3 Ka3 60. Nc4+ Kxa4 61. Nd2 Kb5 62. Kf4 Kc5 63. Ke5 Kb5 64. Kd5 1-0

[Event "Cambridge op 2nd"]
[Site "Cambridge"]
[Date "2024.02.23"]
[Round "8"]
[White "Volovich, Julia"]
[Black "Prince, Alan R"]
[Result "1-0"]
[WhiteElo "1983"]
[BlackElo "1641"]
[PlyCount "50"]
[EventDate "2024.02.19"]
[EventType "swiss"]
[EventRounds "9"]
[EventCountry "ENG"]
[SourceTitle "CB09_2024"]
[SourceDate "2024.02.28"]
[SourceVersion "1"]
[SourceVersionDate "2024.02.28"]
[SourceQuality "1"]

1. d4 Nf6 2. c4 g6 3. Nc3 Bg7 4. e4 d6 5. Nf3 0-0 6. Be3 Ng4 7. Bg5 h6 8. Bc1 c5 9. h3 Nf6 10. Be2 Nc6 11. d5 Nb4 12. 0-0 e5 13. dxe6 fxe6 14. e5 Ne8 15. Be3 b6 16. Qd2 Nc6 17. Bxh6 Qe7 18. Bg5 Qd7 19. exd6 Qxd6 20. Bd3 e5 21. Be4 Bb7 22. Bd5+ Kh8 23. Nh4 Nc7 24. Ne4 Qd7 25. Nxg6+ Kh7 1-0

[Event "GBR-ch 109th"]
[Site "Leicester"]
[Date "2023.07.25"]
[Round "4"]
[White "Tanmay, Chopra"]
[Black "Volovich, Julia"]
[Result "1/2-1/2"]
[WhiteElo "2377"]
[BlackElo "1811"]
[PlyCount "51"]
[EventDate "2023.07.22"]
[EventType "swiss"]
[EventRounds "9"]
[EventCountry "ENG"]
[SourceTitle "CBM 215 Extra"]
[Source "ChessBase"]
[SourceDate "2023.09.30"]
[SourceVersion "1"]
[SourceVersionDate "2023.09.30"]
[SourceQuality "1"]

1. d4 Nf6 2. c4 g6 3. f3 e6 4. e4 c5 5. d5 d6 6. Nc3 Bg7 7. Bg5 h6 8. Be3 0-0 9. Qd2 exd5 10. cxd5 Kh7 11. g4 Nbd7 12. Be2 Ng8 13. h4 Ne5 14. Nh3 Qxh4+ 15. Nf2 Qg3 16. Bf4 Qg2 17. Qe3 Nxg4 18. fxg4 Bd4 19. Qf3 Bxf2+ 20. Kd2 Qxf3 21. Bxf3 Bd4 22. Bxd6 Rd8 23. Bc7 Re8 24. Bf4 Bd7 25. Ne2 Be5 26. g5 1/2-1/2

[Event "ENG-ch U16"]
[Site "Torquay"]
[Date "2022.08.09"]
[Round "3"]
[White "Volovich, Julia"]
[Black "Ali, Shahvez"]
[Result "1/2-1/2"]
[WhiteElo "1756"]
[BlackElo "1628"]
[PlyCount "147"]
[EventDate "2022.08.08"]
[EventType "swiss"]
[EventRounds "7"]
[EventCountry "ENG"]
[SourceTitle "EXT 2023"]
[Source "ChessBase"]
[SourceDate "2022.10.05"]
[SourceVersion "1"]
[SourceVersionDate "2022.10.05"]
[SourceQuality "1"]

1. d4 d5 2. c4 e6 3. Nc3 Nf6 4. cxd5 exd5 5. Bg5 Be7 6. e3 c6 7. Bd3 Nbd7 8. Qc2 b6 9. Nf3 Bb7 10. 0-0 h6 11. Bh4 0-0 12. Rad1 Re8 13. Rfe1 Ne4 14. Bxe7 Qxe7 15. Nd2 Nxd2 16. Qxd2 Rad8 17. f3 c5 18. dxc5 Qxc5 19. Nb5 Ne5 20. b3 Nxd3 21. Qxd3 Ba6 22. a4 Bxb5 23. axb5 d4 24. e4 Re5 25. f4 Re7 26. Rc1 Qb4 27. Red1 Rde8 28. e5 Rd7 29. Qc4 Qxc4 30. bxc4 f6 31. exf6 gxf6 32. Rd3 Re4 33. g3 Re2 34. Rcd1 Re4 35. Kf2 f5 36. Kf3 Kf7 37. h3 Kg6 38. g4 Kf6 39. h4 Kg6 40. R1d2 Rd8 41. Rd1 Rd7 42. Rg1 Rde7 43. h5+ Kf7 44. g5 Re3+ 45. Rxe3 Rxe3+ 46. Kf2 Rh3 47. gxh6 Rxh5 48. Rg7+ Kf6 49. Rxa7 Rxh6 50. Rd7 Rh2+ 51. Kf3 Ke6 52. Rxd4 Rh3+ 53. Ke2 Rh2+ 54. Kd3 Rh3+ 55. Kd2 Rf3 56. Ke2 Rc3 57. Kf2 Ke7 58. Ke2 Ke6 59. Kd2 Rf3 60. Kc2 Ke7 61. Kd2 Ke6 62. Ke2 Rc3 63. Kf2 Ke7 64. Rd5 Ke6 65. Re5+ Kf6 66. Rd5 Ke6 67. Re5+ Kf6 68. Re8 Rxc4 69. Rb8 Rxf4+ 70. Kg3 Rb4 71. Rxb6+ Ke5 72. Rb8 Kd6 73. b6 Kc6 74. Rf8 1/2-1/2

[Event "Southend Easter op 64th"]
[Site "Southend"]
[Date "2022.04.17"]
[Round "5"]
[White "Davis Loades, Alex"]
[Black "Volovich, Julia"]
[Result "0-1"]
[WhiteElo "1837"]
[BlackElo "1802"]
[PlyCount "104"]
[EventDate "2022.04.15"]
[EventType "swiss"]
[EventRounds "7"]
[EventCountry "ENG"]
[SourceTitle "CBM 207 Extra"]
[Source "ChessBase"]
[SourceDate "2022.05.31"]
[SourceVersion "1"]
[SourceVersionDate "2022.05.31"]
[SourceQuality "1"]

1. d4 Nf6 2. c4 g6 3. Nc3 d5 4. Nf3 Bg7 5. Bg5 Ne4 6. Bh4 Nxc3 7. bxc3 dxc4 8. Qa4+ c6 9. Qxc4 Qa5 10. e3 Be6 11. Qb4 Qxb4 12. cxb4 Nd7 13. Bd3 a5 14. b5 c5 15. 0-0 Bd5 16. e4 Be6 17. d5 Bg4 18. Rac1 0-0-0 19. h3 Bxf3 20. gxf3 Bh6 21. Rc2 Ne5 22. Be2 Bf4 23. Bg3 g5 24. Kg2 Kd7 25. Bc4 Kd6 26. b6 Rhg8 27. Rb1 Ra8 28. a4 h5 29. Rb3 Rg6 30. Be2 Rgg8 31. Rbc3 h4 32. Bh2 Rgc8 33. Bb5 Bxh2 34. Kxh2 c4 35. Bxc4 Rc5 36. Bb5 Rac8 37. Rxc5 Rxc5 38. Rxc5 Kxc5 39. Kg2 Kxb6 40. Be8 Kc5 41. Bb5 f6 42. Be8 Kd4 43. Bb5 Nc4 44. Kf1 Nd6 45. Bd7 b5 46. Bxb5 Nxb5 47. axb5 Kc5 48. Ke2 Kxb5 49. Kd3 Kc5 50. Kc3 Kd6 51. Kc4 Ke5 52. Kc5 a4 0-1

[Event "Southend Easter op 64th"]
[Site "Southend"]
[Date "2022.04.16"]
[Round "4"]
[White "Volovich, Julia"]
[Black "Edipoglu, Berk"]
[Result "0-1"]
[WhiteElo "1802"]
[BlackElo "1502"]
[PlyCount "60"]
[EventDate "2022.04.15"]
[EventType "swiss"]
[EventRounds "7"]
[EventCountry "ENG"]
[SourceTitle "CBM 207 Extra"]
[Source "ChessBase"]
[SourceDate "2022.05.31"]
[SourceVersion "1"]
[SourceVersionDate "2022.05.31"]
[SourceQuality "1"]

1. d4 Nf6 2. c4 Nc6 3. Nf3 e6 4. a3 a5 5. Nc3 d6 6. e4 Be7 7. Be2 0-0 8. 0-0 e5 9. d5 Nb8 10. h3 b6 11. Be3 Nfd7 12. b4 Na6 13. Rb1 f5 14. exf5 Rxf5 15. Qd3 Rf8 16. Bd1 Nf6 17. Qe2 Qe8 18. Ba4 Qh5 19. Bc6 Rb8 20. c5 axb4 21. axb4 dxc5 22. bxc5 Nxc5 23. Nb5 Bf5 24. Rbd1 Bd6 25. Bxc5 bxc5 26. Rfe1 e4 27. Nd2 Bg4 28. f3 Qe5 29. hxg4 Qh2+ 30. Kf1 Qh1+ 0-1

[Event "London LCC (Women) Rapid 12th"]
[Site "London"]
[Date "2021.12.04"]
[Round "3"]
[White "Volovich, Julia"]
[Black "Hunt, Harriet"]
[Result "0-1"]
[WhiteElo "1779"]
[BlackElo "2413"]
[PlyCount "85"]
[EventDate "2021.12.04"]
[EventType "tourn (rapid)"]
[EventRounds "7"]
[EventCountry "ENG"]
[SourceTitle "CBM 205 Extra"]
[Source "ChessBase"]
[SourceDate "2022.01.31"]
[SourceVersion "1"]
[SourceVersionDate "2022.01.31"]
[SourceQuality "1"]

1. d4 Nf6 2. c4 e6 3. Nc3 Bb4 4. Qc2 0-0 5. a3 Bxc3+ 6. Qxc3 b6 7. Bg5 Bb7 8. f3 h6 9. Bh4 d5 10. e3 Re8 11. Bd3 Nbd7 12. Ne2 c5 13. cxd5 Nxd5 14. Bxd8 Nxc3 15. Bh4 Nxe2 16. Bxe2 Rec8 17. Bd3 cxd4 18. exd4 Bd5 19. 0-0 Bc4 20. Be4 Bxf1 21. Kxf1 Rab8 22. Bg3 f5 23. Bd3 Ra8 24. Re1 Nf8 25. d5 Rd8 26. d6 Rac8 27. b3 Kf7 28. Bc4 Kf6 29. Be5+ Kf7 30. Bg3 Rc5 31. Rd1 b5 32. Bf2 Rxc4 33. bxc4 bxc4 34. Bxa7 Nd7 35. Rc1 Ra8 36. Rxc4 Rxa7 37. Rc7 Rxc7 38. dxc7 Nb6 39. a4 Ke7 40. g4 fxg4 41. fxg4 Kd7 42. h4 Kxc7 43. g5 0-1

[Event "EU-ch Hybrid U16 Girls"]
[Site "Tornelo INT"]
[Date "2021.10.15"]
[Round "4"]
[White "Tzakosta, Konstantina"]
[Black "Volovich, Julia"]
[Result "0-1"]
[WhiteElo "1089"]
[BlackElo "1742"]
[PlyCount "126"]
[EventDate "2021.10.15"]
[EventType "swiss"]
[EventRounds "9"]
[EventCountry "NET"]
[SourceTitle "EXT 2023"]
[Source "ChessBase"]
[SourceDate "2022.10.05"]
[SourceVersion "1"]
[SourceVersionDate "2022.10.05"]
[SourceQuality "1"]
[WhiteTeam "Greece"]
[BlackTeam "England"]
[WhiteTeamCountry "GRE"]
[BlackTeamCountry "ENG"]

1. e4 e6 2. Nf3 d5 3. exd5 exd5 4. Nc3 Nc6 5. d4 Bb4 6. Bd2 Bg4 7. Bb5 Nge7 8. a3 Bd6 9. Bxc6+ Nxc6 10. Be3 Be7 11. 0-0 0-0 12. h3 Bh5 13. Re1 Bf6 14. g4 Bg6 15. Bf4 a6 16. Rc1 Na7 17. g5 Be7 18. Bxc7 Qd7 19. Bg3 f6 20. Qe2 Nc6 21. Qe6+ Qxe6 22. Rxe6 Bf7 23. Ree1 fxg5 24. Ne5 Nxd4 25. Kg2 Bd6 26. Nxf7 Bxg3 27. fxg3 Rxf7 28. Nxd5 Raf8 29. Rf1 Rxf1 30. Rxf1 Rxf1 31. Kxf1 Nxc2 32. Ke2 Nd4+ 33. Ke3 Nf5+ 34. Kf3 Kf7 35. Nb4 Ke6 36. Nd3 Kd5 37. Kg4 Nd4 38. Kxg5 Kc4 39. Ne5+ Kb3 40. Nd3 Kc2 41. Nc5 Kxb2 42. Nxb7 Kxa3 43. Kf4 Kb4 44. Ke5 Ne2 45. g4 Ng1 46. Ke6 Nxh3 47. Kf7 g5 48. Kg7 a5 49. Nxa5 Kxa5 50. Kxh7 Kb4 51. Kg6 Kc4 52. Kf5 Kd4 53. Kf6 Ke3 54. Ke5 Kf3 55. Kf5 Kg3 56. Ke4 Kxg4 57. Ke3 Kg3 58. Ke2 Kg2 59. Ke3 g4 60. Ke2 g3 61. Ke1 Kf3 62. Kf1 g2+ 63. Ke1 g1Q+ 0-1

[Event "Kaspersky op U16"]
[Site "Tornelo INT"]
[Date "2021.04.02"]
[Round "3"]
[White "Caku, Kler"]
[Black "Volovich, Julia"]
[Result "0-1"]
[WhiteElo "1199"]
[BlackElo "1674"]
[PlyCount "90"]
[EventDate "2021.04.02"]
[EventType "swiss (blitz)"]
[EventRounds "11"]
[EventCountry "RUS"]
[SourceTitle "CBM 201 Extra"]
[Source "ChessBase"]
[SourceDate "2021.05.31"]
[SourceVersion "1"]
[SourceVersionDate "2021.05.31"]
[SourceQuality "1"]

1. e4 e6 2. d4 d5 3. exd5 exd5 4. Bd3 Bd6 5. Nf3 Ne7 6. 0-0 Bg4 7. h3 Bh5 8. Be3 Nbc6 9. c3 Qd7 10. Nbd2 f6 11. Qc2 0-0-0 12. b4 g5 13. g4 Bg6 14. Nb3 Bxd3 15. Qxd3 h5 16. Nh2 Bxh2+ 17. Kxh2 hxg4 18. Rh1 Rxh3+ 19. Kg2 Rdh8 20. Rxh3 gxh3+ 21. Kh1 h2 22. Qf1 Qg4 23. Qg2 Qxg2+ 24. Kxg2 Nf5 25. Rh1 Nxe3+ 26. fxe3 Ne7 27. Nd2 Nf5 28. e4 Ne7 29. Rxh2 Rxh2+ 30. Kxh2 Kd7 31. Kg3 Ke6 32. Kf3 Ng6 33. exd5+ Kxd5 34. Kg4 Nf4 35. Kf5 Ne2 36. Ne4 Kc4 37. Nxf6 Nxc3 38. Ne8 Nb5 39. Kxg5 Kxb4 40. d5 Kc5 41. Nf6 Nc3 42. Nd7+ Kxd5 43. Nf6+ Kc4 44. Ne8 Nxa2 45. Nxc7 b5 0-1

[Event "Kaspersky op U16"]
[Site "Tornelo INT"]
[Date "2021.04.02"]
[Round "7"]
[White "Prokofiev, Valentyn"]
[Black "Volovich, Julia"]
[Result "1-0"]
[WhiteElo "2104"]
[BlackElo "1674"]
[PlyCount "95"]
[EventDate "2021.04.02"]
[EventType "swiss (blitz)"]
[EventRounds "11"]
[EventCountry "RUS"]
[SourceTitle "CBM 201 Extra"]
[Source "ChessBase"]
[SourceDate "2021.05.31"]
[SourceVersion "1"]
[SourceVersionDate "2021.05.31"]
[SourceQuality "1"]

1. d4 Nf6 2. c4 g6 3. g3 c6 4. Bg2 d5 5. Nd2 Bg7 6. Ngf3 Ne4 7. 0-0 0-0 8. e3 Nxd2 9. Nxd2 dxc4 10. Nxc4 Nd7 11. b3 e5 12. Ba3 Re8 13. Nd6 Re6 14. d5 cxd5 15. Bxd5 Rxd6 16. Bxf7+ Kxf7 17. Qxd6 Qf6 18. Rac1 Qxd6 19. Bxd6 Ke6 20. Rfd1 Nf6 21. Rc7 Bd7 22. Ba3 b5 23. Rd6+ Kf5 24. Rdxd7 Nxd7 25. Rxd7 Bf6 26. Rxh7 a5 27. Be7 b4 28. Bxf6 Kxf6 29. Rb7 Ke6 30. Kg2 Kd5 31. Rb6 Ke4 32. Rxg6 a4 33. bxa4 Rxa4 34. Rg4+ Kd3 35. a3 e4 36. axb4 Rxb4 37. h4 Ke2 38. Rf4 Ke1 39. h5 Rb5 40. Rh4 Rf5 41. h6 Rxf2+ 42. Kh3 Ke2 43. h7 Kxe3 44. h8Q Rf1 45. Qc3+ Kf2 46. Rf4+ Kg1 47. Qe3+ Kh1 48. Rxf1# 1-0